| 000 | 00960nam a22002897a 4500 | ||
|---|---|---|---|
| 001 | 7291 | ||
| 003 | FISKH | ||
| 005 | 20250708135918.0 | ||
| 008 | 250708b cb ||||| |||| 00| 0 eng d | ||
| 020 | _a9780689849343 | ||
| 040 |
_aFISKH _beng _cFISKH _dFISKH |
||
| 050 | _aPZ7.M4786574 S | ||
| 082 | _a823.914 | ||
| 100 |
_aMckay, Hilary _d(1959-) |
||
| 245 |
_aSaffy's angel / _cBy Hilary Mckay |
||
| 250 | _aThis edition first published in 2003 | ||
| 260 |
_aNew York : _bAladdin, _c2001 |
||
| 300 |
_a152 pages : _c20 cm |
||
| 505 | _aP | ||
| 520 | _aAfter learning that she was adopted, thirteen-year-old Saffron's relationship with her eccentric, artistic family changes, until they help her go back to Italy where she was born to find a special momento of her past. | ||
| 521 | 8 |
_a630
_bLexile |
|
| 521 | 8 |
_aP
_bRaz-Plus |
|
| 650 |
_2England _a Realistic fiction |
||
| 650 |
_2Italy _aAdoption |
||
| 942 |
_2ddc _cBK _n0 |
||
| 999 |
_c7291 _d7291 |
||